LIBRARY & INFORMATION CENTRE, KCAET, TAVANUR

ONLINE PUBLIC ACCESS CATALOGUE (OPAC)

Practical physics for pre-university class (Record no. 233)

MARC details
000 -LEADER
fixed length control field 00478cam a2200205ua 4500
041 ## - LANGUAGE CODE
Language code of text/sound track or separate title eng
082 ## - DEWEY DECIMAL CLASSIFICATION NUMBER
Classification number 530
Item number OUS/PR
100 ## - MAIN ENTRY--AUTHOR NAME
Personal name Ouseph, C C .
245 ## - TITLE STATEMENT
Title Practical physics for pre-university class
250 ## - EDITION STATEMENT
Edition statement 1 /
260 ## - PUBLICATION, DISTRIBUTION, ETC. (IMPRINT)
Place of publication Chennai :
Name of publisher S.Viswanathan ,
Year of publication 1962.
300 ## - PHYSICAL DESCRIPTION
Number of Pages 64 ; .
700 1# - ADDED ENTRY--PERSONAL NAME
Personal name Hari, Lakshmipathi .
942 ## - ADDED ENTRY ELEMENTS (KOHA)
Koha item type Books
Holdings
Withdrawn status Lost status Damaged status Home library Current library Date acquired Cost, normal purchase price Full call number Accession Number Koha item type
Withdrawn     KAUAET KAUAET 07/04/2012 1.00 530 7378 Books
Withdrawn     KAUAET KAUAET 07/04/2012 0.75 530 7372 Books
Withdrawn   Damaged KAUAET KAUAET 24/06/2020 0.75 530 OUS/PR 7380 Books
free website counter